00506nam a2200145Ia 450000500170000000800410001710000180005824501060007625000110018230000110019365000140020494200070021899900170022595201180024220260328104304.0260328s9999||||xx |||||||||||||| ||und|| aSpino, Nilson 0aBuilding the inclusive City :b Theory and Practice for confronting Urban segregation /cNilson Spino a5a ed. a144 p. aURBANISMO cBK c10706d10706 001040708GENaGPCbGPCcGENd2026-03-28i4941l0o711.167 Es 653p4941r2026-03-28 15:43:04t1w2026-03-28yBK